Statistics for Countries on the Ring of Fire

Click here to take the quiz!

General Stats

  • This quiz has been taken 86 times
  • The average score is 21 of 27

Answer Stats

Country % Correct
United States
93%
Japan
91%
Indonesia
90%
Philippines
89%
Canada
88%
Chile
88%
Mexico
88%
Colombia
83%
Panama
81%
Ecuador
81%
New Zealand
81%
Nicaragua
80%
Argentina
80%
Honduras
80%
Guatemala
79%
Peru
79%
Belize
78%
El Salvador
78%
Papua New Guinea
78%
Costa Rica
77%
Russia
75%
Bolivia
72%
Malaysia
70%
Brazil
68%
Solomon Islands
62%
Vanuatu
62%
Singapore
58%

Score Distribution

Percentile by Number Answered

Percent of People with Each Score

Your Score History

You have not taken this quiz